| 000 | 00635nam a2200193Ia 4500 | ||
|---|---|---|---|
| 003 | GCL | ||
| 008 | 140319s9999 xx 000 0 ara d | ||
| 040 |
_aGCL / _cGCL |
||
| 082 | 0 | 4 |
_a254.1 _bم ت |
| 100 | 1 | _aمحمود مهدى الاستانبولى | |
| 245 | 1 | 0 |
_aتحفة العروس أو الزواج الاسلامى السعيد / _cمحمود مهدى الاستانبولى |
| 260 |
_a[S.N] : _bالمكتب الاسلامى |
||
| 300 | _a542 ص | ||
| 490 | _a | ||
| 650 | 0 | 4 | _aالاحوال الشخصية |
| 650 | 0 | 4 | _aالزواج |
| 650 | 0 | 4 | _aالزواج ( الشريعة الاسلامية ) |
| 942 |
_2ddc _cBK |
||
| 999 |
_c55199 _d55199 |
||